Ekonomická teória testy, príklady a otázky

Bibliographic Details
Main Author: Hontyová, Kajetana, 1948- (Author)
Format: Book
Language:Slovak
PhysicalDescription:77 s. tab. 30 cm
Published: Bratislava Elita 1997
ISBN:8080440379
Edition:4. preprac. a dopl. vyd.
Subjects:

MARC

LEADER 00000nam a2200000 a 4500
001 vtls001307554
003 SK-MaSNL
005 20260425234628.0
008 240509s1997 xo p r 0|0 0 slo
015 |a SNBA1998/02-00622 
020 |a 8080440379 
035 |a SNK000259837 
035 |a urn:nbn:sk:snk-amtjb9 
035 |a urn:nbn:sk:snk-am00c6il 
035 |a E43221AD-2410-43FA-A34B-62B3143C9A9C 
040 |a SNK  |b slo  |c SNK  |e AACR2 
041 0 |a slo 
044 |a xo  |c SK 
080 |a 330.1(075.8)(076.5)  |2 2001 
080 |a 371.671  |2 2001 
245 0 |a Ekonomická teória  |b testy, príklady a otázky  |c K. Hontyová a kolektív 
250 |a 4. preprac. a dopl. vyd. 
260 |a Bratislava  |b Elita  |c 1997 
300 |a 77 s.  |b tab.  |c 30 cm 
650 0 7 |a teória ekonomická  |x testy  |2 SNK  |9 520378 
651 7 |a Slovensko  |2 SNKPH  |9 14231 
655 7 |a Textbooks (higher)  |2 SNKPHeng  |9 276436 
655 7 |a učebnice vysokých škôl  |2 SNKPH  |9 70191 
700 1 |a Hontyová, Kajetana,  |d 1948-  |4 aut  |9 39493 
919 |a 80-8044-037-9 
958 |a TL 
958 |a UV 
958 |a OND 
999 |c 802483  |d 804413 
952 |t P60, <03>, [BOOK], {603}  |a SNK  |b SNK  |y PREZ  |7 0  |p 17A0103732  |o snkSB 57815  |i snkKSP 11051/97  |0 0  |1 0  |4 0  |d 1997-10-28  |f 1  |l 0  |r 2025-04-07 00:00:00  |w 2026-02-24 
952 |t P60, <04>, [BOOK], {604}  |a SNK  |b SNK  |y VYP  |7 0  |p 17A0103731  |o snkSB 57815 D1  |i snkKSP 11052/97  |0 0  |1 0  |4 0  |d 1997-10-28  |l 0  |r 2005-01-02 00:00:00  |w 2026-02-24